000 00288nam a22001337a 4500
003 SGT
020 _a978-81219-2608-9
082 _a616.01
_bB18D
100 _aDUBEY, R.C.
245 _aA TB. OF BIOTECHNOLOGY
260 _aINDIA
_bS.CHAND
_c2018
300 _a602
942 _2ddc
_cBK
_012
999 _c16218
_d16218